İçeriği atla

Логика для бакалавров Учебное пособие

В учебном пособии излагаются законы демонстративного (достоверного) и недемонстративного (правдоподобного) мышления в кратком изложении с учетом преподавания их в гуманитарных вузах. Особый акцент делается на логическом анализе законов нормативного мышления юридического языка и особенностях правовог...

Ful tanımlama

Kaydedildi:
Detaylı Bibliyografya
Yazar: Марков С.М
Materyal Türü: Учебное пособие
Edisyon:1
Seri Bilgileri:Высшее образование: Бакалавриат
Online Erişim:https://znanium.com/catalog/document?id=437936
https://znanium.com/cover/2125/2125178.jpg
Etiketler: Etiketle
Etiket eklenmemiş, İlk siz ekleyin!
LEADER 03008nam0a2200445 i 4500
001 RU\infra-m\znanium\bibl\2125178
003 https://znanium.com/catalog/document?id=437936
005 20250325000000.0
010 |a 978-5-369-01507-0 
010 |a 978-5-16-103975-5  |b электр. издание 
010 |a 978-5-16-011619-8  |b ISBN соиздателя 
100 |a 20250325d2023 m y0rusy0150 ca 
101 0 |a rus 
102 |a RU 
200 1 |a Логика для бакалавров  |e Учебное пособие  |f Дальневосточный федеральный университет 
205 |a 1 
210 1 |a Москва  |c Издательский Центр РИОР  |d 2023 
215 |a 159 с. 
225 1 |a Высшее образование: Бакалавриат 
330 |a В учебном пособии излагаются законы демонстративного (достоверного) и недемонстративного (правдоподобного) мышления в кратком изложении с учетом преподавания их в гуманитарных вузах. Особый акцент делается на логическом анализе законов нормативного мышления юридического языка и особенностях правового мышления. Интересно и доступно излагается модальная логика — самая сложная и трудоемкая тема учебного курса. Учебное пособие соответствует ФГОС и рекомендуется студентам бакалавриата гуманитарных направлений подготовки (прежде всего направления «Юриспруденция») а также для самостоятельного изучения логики. 
333 |a ВО - Бакалавриат 
606 |a Философия  |x Логика  |2 local 
608 |a Учебное пособие  |2 local 
675 |a 16(075.8)  |z rus 
686 |a 87+67я73  |2 rubbk 
686 |a 37.03.01  |2 okso 
686 |a 38.03.01  |2 okso 
686 |a 40.03.01  |2 okso 
686 |a 41.03.06  |2 okso 
686 |a 42.03.02  |2 okso 
686 |a 42.03.03  |2 okso 
686 |a 44.03.05  |2 okso 
686 |a 47.03.01  |2 okso 
686 |a 47.03.02  |2 okso 
686 |a 49.04.01  |2 okso 
686 |a 49.04.02  |2 okso 
700 1 |a Марков  |b С.М.  |g Сергей Михайлович  |p Дальневосточный федеральный университет 
801 0 |a RU  |b Общество с ограниченной ответственностью «ЗНАНИУМ»  |c 20231030  |2 rusmarc 
856 4 |a znanium.com  |m ebs_support@infra-m.ru  |n НИЦ ИНФРА-М  |u https://znanium.com/catalog/document?id=437936 
856 4 1 |a znanium.com  |d /cover/2125  |f 2125178.jpg  |q image/jpeg  |u https://znanium.com/cover/2125/2125178.jpg